000 00551nam a2200193Ia 4500
005 20260114185643.0
008 008 260114s9999 xx 000 0 eng d
020 _a9781472822420
037 _aEBOOK
040 _aCRL
_beng
_cCRL
041 _aeng
_2eng
084 _qCRL
100 _aMark Galeotti
_9872733
245 0 _aRussia?s Wars in Chechnya 1994?2009
260 _bBloomsbury
_c2014
856 _uhttps://doi.org/10.5040/9781472822420?locatt=label:secondary_bloomsburyCollections
942 _cEBOOK
999 _c1471681
_d1471681